000 00777nam a2200253Ia 4500
003 OSt
005 20220926014952.0
006 a|||||r|||| 00| 0
007 ta
008 220923b |||||||| |||| 00| 0 eng d
037 _cGeneral Book
040 _aRTL
_cRTL
_beng
041 _2eng
_aeng
082 _aX:742.73.N33<--N29, K5
100 _aFriedman Milton
245 0 _aGreat contraction 1929-33
260 _aNew York
_bNATIONAL BUREAU OF ECONOMIC RESEARCH
_c1965
300 _a150p
_ccm.
490 _aNational Bureau of Economic Research
650 _aDepression
_928774
700 _a Schwartz Anna Jacobson
_9127240
942 _hX:742.73.N33<--N29, K5
_cGB
_2CC
999 _c630246
_d630246